[Event "Baden-Baden op"]
[Site "Baden-Baden"]
[Date "2002.??.??"]
[Round "5"]
[White "Keitlinghaus, Ludger"]
[Black "Teske, Henrik"]
[Result "1-0"]
[WhiteElo "2500"]
[BlackElo "2522"]
[EventDate "2002.05.09"]

1. e4 c6 2. d4 d5 3. exd5 cxd5 4. Bd3 Nc6 5. c3 Nf6 6. Bf4 Bg4 7. Qb3 Qd7 
8. Nd2 e6 9. Ngf3 Bxf3 10. Nxf3 Bd6 11. Bxd6 Qxd6 12. Qxb7 Rb8 13. Qa6 O-O
14. Bb5 Rb6 15. Qa4 Rfb8 16. Bxc6 Rxc6 17. Ne5 Ra6 18. Qc2 Nd7 19. Nxd7 
Qxd7 20. O-O Qb7 21. Qd3 Rb6 22. b3 a5 23. c4 Qa6 24. Qc3 dxc4 25. bxc4 
Rb4 26. Rac1 Rc8 27. c5 Qb5 28. Rfd1 h6 29. h3 Qe2 30. Rd2 Qe4 31. a3 Rb5 
32. Rb2 Rxb2 33. Qxb2 Qc6 34. Rc3 Kh7 35. Rb3 e5 36. dxe5 Qxc5 37. Rb5 Qc4
38. Qb1+ g6 39. g3 Qe6 40. h4 Rc3 41. Qe4 Rxa3 42. h5 Kg7 43. Qf4 gxh5 44.
 Rb8 h4 45. Qxh4 Ra1+ 46. Kh2 Qf5 47. Kg2 Re1 48. Re8 Qe4+ 49. Qxe4 Rxe4 
50. f4 Kg6 51. Rg8+ Kh7 52. Ra8 Ra4 53. Kh3 Kg6 54. Ra6+ Kg7 55. Kg4 Ra3 
56. Ra7 Kg8 57. f5 Kf8 58. f6 Ke8 59. Ra8+ Kd7 60. Rf8 Ke6 61. Re8+ Kd5 
62. e6 1-0

[Event "Balatonlelle GM"]
[Site "Balatonlelle"]
[Date "2002.06.29"]
[Round "10"]
[White "Gyimesi, Zoltan"]
[Black "Pinter, Jozsef"]
[Result "1-0"]
[WhiteElo "2605"]
[BlackElo "2560"]
[EventDate "2002.06.20"]

1. d4 Nf6 2. c4 e6 3. Nf3 d5 4. Nc3 c6 5. Bg5 Nbd7 6. cxd5 exd5 7. e3 Be7 
8. Bd3 O-O 9. Qc2 Re8 10. O-O Nf8 11. Rab1 a5 12. a3 Bd6 13. Rfe1 Bg4 14. 
Nd2 Bd7 15. Nf1 Ng6 16. b4 axb4 17. axb4 h6 18. Bxf6 Qxf6 19. b5 Nf8 20. 
Na4 Qd8 21. Nc5 Bxc5 22. Qxc5 Ra2 23. Ra1 Qa5 24. Rxa2 Qxa2 25. bxc6 bxc6 
26. Rb1 Qa8 27. Qd6 Rd8 28. Qb4 Qa7 29. Ng3 Rc8 30. Rc1 Qb8 31. Qa3 Qa8 
32. Qc3 Rc7 33. h4 Qd8 34. Qa5 Rc8 35. Qxd8 Rxd8 36. Bf5 Be8 37. h5 g6 38.
 Bg4 Nh7 39. hxg6 fxg6 40. Ne2 Nf6 41. Bh3 Rb8 42. Nf4 g5 43. Be6+ Kf8 44.
 Nd3 Ke7 45. Bf5 Kd6 46. g4 Rb7 47. Kg2 Re7 48. Ne5 Rc7 49. f4 Rg7 50. Kg3
Ng8 51. Ra1 Nf6 52. Ra8 Rb7 53. Ra3 Rg7 54. Ra1 Rb7 55. Rh1 Ng8 56. fxg5 
hxg5 57. Nf3 Rg7 58. Rh7 Rxh7 59. Bxh7 Nf6 60. Bf5 c5 61. dxc5+ Kxc5 62. 
Nxg5 Kd6 63. Nf3 Ba4 64. Kf4 Bd1 65. Nd4 Ne8 66. Bg6 Nf6 67. g5 Nd7 68. 
Bf5 Nc5 69. g6 Ke7 70. Kg5 Ba4 71. g7 1-0

[Event "Belgrade TS06 GM"]
[Site "Belgrade"]
[Date "2002.06.24"]
[Round "10"]
[White "Cabrilo, Goran"]
[Black "Abramovic, Bosko"]
[Result "1/2-1/2"]
[WhiteElo "2501"]
[BlackElo "2509"]
[EventDate "2002.06.15"]

1. d4 d5 2. c4 e6 3. Nc3 Nf6 4. Bg5 Be7 5. cxd5 exd5 6. e3 c6 7. Bd3 O-O 
8. Nf3 Nbd7 9. O-O Re8 10. Qc2 Nf8 1/2-1/2

[Event "Biel MTO op"]
[Site "Biel"]
[Date "2002.08.01"]
[Round "10"]
[White "Cvitan, Ognjen"]
[Black "Cherniaev, Alexander"]
[Result "1/2-1/2"]
[WhiteElo "2574"]
[BlackElo "2509"]
[EventDate "2002.07.22"]

1. c4 e6 2. d4 Nf6 3. Nf3 d5 4. Nc3 Nbd7 5. cxd5 exd5 6. Bg5 c6 7. e3 Be7 
8. Qc2 O-O 9. Bd3 Re8 10. O-O Nf8 11. Rab1 a5 12. a3 Be6 13. b4 axb4 14. 
axb4 N6d7 15. Bxe7 1/2-1/2

[Event "Capablanca mem Premier I 37th"]
[Site "Havana"]
[Date "2002.05.15"]
[Round "9"]
[White "Gretarsson, Helgi Ass"]
[Black "Franco Ocampos, Zenon"]
[Result "1/2-1/2"]
[WhiteElo "2521"]
[BlackElo "2510"]
[EventDate "2002.05.06"]

1. d4 d5 2. c4 e6 3. Nc3 Nf6 4. cxd5 exd5 5. Bg5 c6 6. e3 Be7 7. Bd3 Nbd7 
8. Qc2 O-O 9. Nge2 Re8 10. h3 Nf8 1/2-1/2

[Event "Chigorin mem-A 10th"]
[Site "St Petersburg"]
[Date "2002.11.03"]
[Round "9"]
[White "Ionov, Sergey"]
[Black "Ovsejevitsch, Sergei"]
[Result "1/2-1/2"]
[WhiteElo "2538"]
[BlackElo "2508"]
[EventDate "2002.10.25"]

1. d4 Nf6 2. c4 e6 3. Nc3 d5 4. cxd5 exd5 5. Bg5 Be7 6. e3 c6 7. Qc2 Nbd7 
8. Bd3 O-O 9. Nge2 Re8 10. O-O Nf8 11. a3 Be6 12. b4 Rc8 13. f3 a5 14. 
Rab1 axb4 15. axb4 b6 16. Kh1 N6d7 17. Bf4 b5 18. e4 dxe4 19. fxe4 Nb6 20.
 d5 cxd5 21. Bxb5 Bd7 22. Ba6 Ra8 23. Bb7 Ra7 24. Bxd5 Nxd5 25. Nxd5 Bb5 
26. Rfc1 Ne6 27. Be3 Rb7 28. Nec3 Bc4 29. Nxe7+ Rexe7 30. Nd5 Bxd5 31. 
exd5 Qxd5 32. Qc8+ Qd8 33. Qxd8+ Nxd8 34. Rc8 Red7 35. b5 f6 36. b6 Kf7 
37. h3 Ne6 38. Ra1 Ke7 39. Rc6 Nd8 40. Bc5+ Kf7 41. Rc8 Ne6 42. Bf2 Ke7 
43. Re1 Kf7 44. Rc6 Nd8 45. Rc2 Ne6 46. Ra1 Ke7 47. Ra7 Ke8 48. Kh2 Ke7 
49. Be3 Ke8 50. g4 Ke7 51. Kg3 Kd6 52. h4 g6 53. Kf3 f5 54. gxf5 gxf5 55. 
Bf2 Ke5 56. Rc3 h5 57. Bg3+ Kf6 58. Bf2 Ke5 59. Re3+ Kd6 60. Rd3+ Kc6 61. 
Rc3+ Kd6 62. Bg3+ Ke7 1/2-1/2

[Event "Dubai op"]
[Site "Dubai"]
[Date "2002.04.17"]
[Round "3"]
[White "Istratescu, Andrei"]
[Black "Sveshnikov, Evgeny"]
[Result "1/2-1/2"]
[WhiteElo "2606"]
[BlackElo "2556"]
[EventDate "2002.04.15"]

1. c4 e6 2. Nc3 d5 3. d4 c6 4. cxd5 exd5 5. Bf4 Bd6 6. Bg3 Ne7 7. e3 O-O 
8. Nf3 Bf5 9. Nh4 g6 10. Nxf5 Nxf5 11. Bd3 Nxg3 12. hxg3 Nd7 13. g4 Re8 
14. Qf3 Qf6 15. O-O-O Qxf3 1/2-1/2

[Event "EST-chT"]
[Site "Parnu"]
[Date "2002.03.09"]
[Round "2"]
[White "Gavrikov, Viktor"]
[Black "Kulaots, Kaido"]
[Result "1-0"]
[WhiteElo "2578"]
[BlackElo "2531"]
[EventDate "2002.03.08"]

1. d4 Nf6 2. c4 e6 3. Nc3 d5 4. cxd5 exd5 5. Bg5 c6 6. e3 Bf5 7. Qf3 Bg6 
8. Bxf6 Qxf6 9. Qxf6 gxf6 10. Nf3 Nd7 11. Nh4 Be7 12. g3 Nb6 13. f3 Nc8 
14. Kf2 Nd6 15. Rd1 O-O-O 16. Bd3 Bxd3 17. Rxd3 f5 18. Ng2 Rde8 19. Ne2 
Bg5 20. Nef4 Re7 21. Nh5 Rhe8 22. h3 Kc7 23. f4 Bh6 24. Kf3 Rg8 25. g4 
fxg4+ 26. hxg4 f5 27. g5 Bg7 28. Ng3 Rh8 29. Rdd1 Kd7 30. Rh5 Ke6 31. Rdh1
h6 32. gxh6 Bf6 33. h7 Rg7 34. Ne1 1-0

[Event "EU-ch 3rd"]
[Site "Batumi"]
[Date "2002.06.26"]
[Round "13"]
[White "Sulskis, Sarunas"]
[Black "Asrian, Karen"]
[Result "1/2-1/2"]
[WhiteElo "2577"]
[BlackElo "2591"]
[EventDate "2002.06.12"]

1. e4 c6 2. d4 d5 3. exd5 cxd5 4. c3 Nc6 5. Bf4 Bf5 6. Nf3 e6 7. Qb3 Qc8 
8. Nbd2 Be7 9. h3 Nf6 10. Nh4 Be4 11. Nxe4 dxe4 12. g3 Nd5 13. Ng2 Nxf4 
14. Nxf4 Bd6 15. d5 exd5 16. Nxd5 O-O 17. Bg2 Re8 18. O-O Ne5 19. Rae1 
Nf3+ 20. Bxf3 exf3 21. Rxe8+ Qxe8 22. Qxb7 Rb8 23. Qa6 Qe6 24. Ne3 Rxb2 
25. Qc6 Bf8 26. Qxf3 Qxa2 27. Kg2 a5 28. Re1 Qe6 29. Qa8 Qb6 30. Qf3 Qc5 
31. Rd1 Qxc3 32. Rd8 Qc7 33. Qa8 Qb7+ 34. Nd5 Qxa8 35. Rxa8 1/2-1/2

[Event "FRA-chT1"]
[Site "France"]
[Date "2002.??.??"]
[Round "7.2"]
[White "Kazhgaleyev, Murtas"]
[Black "Landa, Konstantin"]
[Result "1/2-1/2"]
[WhiteElo "2561"]
[BlackElo "2619"]
[EventDate "2002.02.??"]

1. d4 d5 2. c4 e6 3. Nc3 Be7 4. cxd5 exd5 5. Bf4 c6 6. e3 Bf5 7. g4 Bg6 8.
 h4 h6 9. Nge2 Nd7 10. h5 Bh7 11. Ng3 Bg5 12. Bxg5 Qxg5 13. Rc1 Ngf6 14. 
Be2 Ne4 15. Ngxe4 Bxe4 16. Nxe4 dxe4 17. Qb3 Rb8 18. Qa3 Qe7 19. Qxe7+ 
Kxe7 20. Rg1 Nf6 21. g5 Nh7 22. gxh6 gxh6 23. Rc5 Ng5 24. Rg4 Rhd8 25. Bc4
Rd6 26. Rf4 f6 27. Ra5 Ra8 28. b4 b6 29. Ra6 Rd7 30. Bb3 Rc8 31. Kf1 Rf8 
32. a4 f5 33. a5 Rb7 34. axb6 axb6 35. Ke2 Kd6 36. Rh4 Rbb8 37. Rh1 f4 38.
 Rh4 fxe3 39. fxe3 Ra8 40. Rxa8 Rxa8 41. Rf4 Ra3 42. Bc2 Ra2 43. Kd2 c5 
44. bxc5+ bxc5 45. dxc5+ Kxc5 46. Rf6 Ra3 47. Rxh6 Nf3+ 48. Kc1 Rxe3 49. 
Re6 Nd4 1/2-1/2

[Event "FRA-chT1"]
[Site "France"]
[Date "2002.??.??"]
[Round "9.1"]
[White "Van Wely, Loek"]
[Black "Flear, Glenn C"]
[Result "1-0"]
[WhiteElo "2697"]
[BlackElo "2511"]
[EventDate "2002.02.??"]

1. c4 e6 2. d4 d5 3. Nc3 Nf6 4. Bg5 c6 5. e3 Nbd7 6. cxd5 exd5 7. Bd3 Be7 
8. Nge2 Nh5 9. Bxe7 Qxe7 10. g4 Nhf6 11. Ng3 Nf8 12. g5 Ng8 13. h4 h6 14. 
gxh6 Nxh6 15. h5 Bg4 16. Be2 Bxe2 17. Qxe2 O-O-O 18. O-O-O Nd7 19. Qc2 Nb6
20. Nce2 Kb8 21. Nf4 Nc4 22. Rhg1 Qf6 23. Ne4 Nxe3 24. Nxf6 Nxc2 25. N6xd5
Nxd4 26. Rxd4 cxd5 27. Rxd5 Rxd5 28. Nxd5 Rc8+ 29. Nc3 Rg8 30. Nd5 Rc8+ 
31. Kb1 Rc5 32. Ne3 Rxh5 33. Rxg7 Re5 34. Rh7 Nf5 35. Rh5 Rxe3 36. fxe3 
Nxe3 37. Rh8+ Kc7 38. Rh7 Nd5 39. Rxf7+ Kc6 40. Kc2 a5 41. a3 b6 42. Kd3 
Nc7 43. Kc4 Na6 44. Rf6+ Kb7 45. Rg6 Nc7 46. Kd4 Nb5+ 47. Kd5 Nc7+ 48. Kd6
Nb5+ 49. Kd7 Nd4 50. Rg4 Nb3 51. Rc4 a4 52. Kd6 b5 53. Rh4 Kb6 54. Rh8 Kb7
55. Rg8 1-0

[Event "FRA-chT1"]
[Site "France"]
[Date "2002.??.??"]
[Round "9.4"]
[White "Vaisser, Anatoli"]
[Black "Spassky, Boris V"]
[Result "1/2-1/2"]
[WhiteElo "2572"]
[BlackElo "2551"]
[EventDate "2002.02.??"]

1. d4 Nf6 2. c4 e6 3. Nc3 d5 4. cxd5 exd5 5. Bg5 Be7 6. e3 c6 7. Bd3 Nbd7 
8. Nge2 Nf8 9. Qc2 Ne6 10. Bh4 g6 11. O-O O-O 12. a3 b6 13. Rad1 Bb7 14. 
f3 Nh5 15. Bxe7 Qxe7 16. e4 Rad8 17. exd5 cxd5 18. Qa4 a6 19. Qb4 Qxb4 20.
 axb4 b5 21. Bb1 Ra8 22. Nc1 a5 23. bxa5 b4 24. N3a2 Rxa5 25. Nxb4 Rb5 26.
 Nca2 Rc8 27. Nd3 1/2-1/2

[Event "FRA-chT1"]
[Site "France"]
[Date "2002.??.??"]
[Round "11.4"]
[White "Flear, Glenn C"]
[Black "Spassky, Boris V"]
[Result "1/2-1/2"]
[WhiteElo "2511"]
[BlackElo "2551"]
[EventDate "2002.02.??"]

1. d4 Nf6 2. c4 e6 3. Nc3 d5 4. cxd5 exd5 5. Bg5 Be7 6. e3 c6 7. Bd3 Nbd7 
8. Qc2 Nf8 9. Nf3 Ne6 10. Bh4 g6 11. O-O O-O 12. Rab1 Ng7 13. b4 a6 14. a4
Bf5 15. Bxf5 Nxf5 16. Bxf6 Bxf6 17. b5 axb5 18. axb5 Qa5 19. bxc6 bxc6 20.
 Rb2 Rfb8 21. Ra2 Qd8 22. Rxa8 Rxa8 23. Na4 Qe8 24. Nc5 Nd6 25. Nd2 Nb5 
26. Ncb3 Be7 27. Ra1 Rxa1+ 28. Nxa1 Nc7 29. Nab3 Ne6 30. Qa2 Qb8 31. g3 
Qb7 32. Nf3 c5 33. dxc5 1/2-1/2

[Event "FRA-chT1"]
[Site "France"]
[Date "2002.04.01"]
[Round "7.1"]
[White "Delchev, Aleksander"]
[Black "Gurevich, Mikhail"]
[Result "1-0"]
[WhiteElo "2591"]
[BlackElo "2641"]
[EventDate "2002.02.??"]

1. d4 d5 2. c4 c6 3. Nc3 Nf6 4. Nf3 e6 5. Bg5 Nbd7 6. cxd5 exd5 7. e3 Be7 
8. Qc2 O-O 9. Bd3 Re8 10. h3 Nf8 11. Bf4 Bd6 12. Bxd6 Qxd6 13. O-O-O Be6 
14. Kb1 Rac8 15. Rc1 b5 16. Ne2 Ne4 17. Bxe4 dxe4 18. Nd2 c5 19. dxc5 Qa6 
20. b3 Nd7 21. Nxe4 Bf5 22. N2g3 Bg6 23. c6 Ne5 24. c7 f5 25. f4 Nf7 26. 
Nc5 Qd6 27. Nxf5 Qxc7 28. Rhe1 Nd6 29. g4 Bxf5 30. gxf5 Qf7 31. e4 Nc4 32.
 Qf2 Nd6 33. Qd4 Rc6 34. Rg1 Nxf5 35. exf5 Qxf5+ 36. Ka1 Rc7 37. Rgd1 Qxh3
38. Qd5+ Kh8 39. Rh1 Qe3 40. Qd3 h6 41. Qd6 Rec8 42. Rhe1 Qf2 43. Rf1 Qe3 
44. b4 a5 45. Qe5 Qd2 46. Rh1 Kg8 47. Rcg1 Re7 48. Rxg7+ Rxg7 49. Qe6+ Rf7
50. Rg1+ Kf8 51. Qxc8+ Ke7 52. Qc7+ 1-0

[Event "HUN-chT 0102"]
[Site "Hungary"]
[Date "2002.03.24"]
[Round "9"]
[White "Beliavsky, Alexander G"]
[Black "Pinter, Jozsef"]
[Result "1/2-1/2"]
[WhiteElo "2659"]
[BlackElo "2550"]
[EventDate "2001.??.??"]

1. d4 Nf6 2. c4 e6 3. Nf3 d5 4. Nc3 c6 5. Bg5 Nbd7 6. cxd5 exd5 7. e3 Be7 
8. Bd3 O-O 9. O-O Re8 10. Qc2 Nf8 11. a3 a5 12. Rae1 Be6 13. Ne5 N6d7 14. 
Bxe7 Rxe7 15. Nxd7 Bxd7 16. Na4 Be8 17. Rc1 h6 18. Rfd1 b6 19. e4 Ne6 20. 
exd5 cxd5 21. Nc3 Rc8 22. Qd2 Rcc7 23. Re1 Bc6 24. Bb1 Nf8 25. Re3 Qd6 26.
 Rce1 Rxe3 27. fxe3 Re7 28. Qd3 g6 29. Ba2 Nd7 30. Rf1 Kg7 31. Rf4 Nf6 32.
 h3 b5 33. Ne2 Bd7 34. Ng3 h5 35. Qd2 b4 36. axb4 axb4 37. Bb1 Bb5 38. e4 
dxe4 39. Nxe4 Nxe4 40. Rxe4 Rd7 41. d5 Qxd5 42. Qxd5 Rxd5 43. Rxb4 1/2-1/2

[Event "ICC-ch blitz fin"]
[Site "Internet ICC"]
[Date "2002.08.25"]
[Round "1.4"]
[White "Dreev, Alexey"]
[Black "Agdestein, Simen"]
[Result "1-0"]
[WhiteElo "2676"]
[BlackElo "2574"]
[EventDate "2002.08.17"]

1. d4 Nf6 2. c4 e6 3. Nf3 d5 4. Nc3 Be7 5. Qc2 O-O 6. cxd5 exd5 7. Bg5 Nc6
8. e3 Nb4 9. Qb3 Bf5 10. Rc1 c6 11. Bxf6 gxf6 12. a3 Nd3+ 13. Bxd3 Bxd3 
14. Nxd5 Ba6 15. Nxe7+ Qxe7 16. Rc5 Rad8 17. Qc2 Rd6 18. Rh5 f5 19. Qxf5 
f6 20. Kd2 Qf7 21. Rc1 Rd5 22. Qg4+ Kh8 23. Rxd5 Qxd5 24. Ne1 Qb3 25. Rc2 
c5 26. Qd7 cxd4 27. Qxd4 Qf7 28. Nf3 b6 29. Qd6 Qg8 30. Nd4 Bc4 31. Rxc4 
1-0

[Event "Moscow-ch"]
[Site "Moscow"]
[Date "2002.??.??"]
[Round "3"]
[White "Rustemov, Alexander"]
[Black "Kharitonov, Andrei Y"]
[Result "1/2-1/2"]
[WhiteElo "2620"]
[BlackElo "2546"]
[EventDate "2002.??.??"]

1. d4 Nf6 2. Nf3 d5 3. c4 e6 4. Nc3 Be7 5. Qc2 O-O 6. cxd5 exd5 7. Bg5 c6 
8. e3 Ne4 9. Bxe7 Qxe7 10. Bd3 Bf5 11. Ne5 f6 12. Nf3 Bg6 13. h4 f5 14. h5
Bf7 15. Ne5 Nd7 1/2-1/2

[Event "RUS-chT 9th"]
[Site "Ekaterinburg"]
[Date "2002.05.18"]
[Round "2"]
[White "Ivanov, Sergey"]
[Black "Kosyrev, Vladimir"]
[Result "1/2-1/2"]
[WhiteElo "2542"]
[BlackElo "2543"]
[EventDate "2002.05.17"]

1. d4 e6 2. c4 Nf6 3. Nc3 d5 4. cxd5 exd5 5. Bg5 c6 6. e3 Bf5 7. Qf3 Be6 
8. Bxf6 Qxf6 9. Qxf6 gxf6 10. Bd3 Nd7 11. Nge2 O-O-O 12. O-O Nb6 13. Ng3 
Kb8 14. Rac1 Nc8 15. Na4 Nd6 16. Nc5 Bc8 17. Nh5 Be7 18. a4 Bf5 19. Bxf5 
Nxf5 20. a5 a6 21. Rfd1 Nd6 22. b3 Rhg8 23. g3 f5 24. Kf1 Rc8 25. Ke2 Ka7 
26. Nf4 Bd8 27. b4 Bg5 28. Nfd3 Rce8 29. Ne5 Bf6 30. Ncd3 Rc8 31. Rc2 Be7 
32. Kf3 f6 33. Nd7 Rce8 34. N7c5 Ref8 35. Nf4 Rf7 36. Nfe6 Ne4 37. Ke2 Nd6
38. Rdc1 Rc8 39. Kf3 Rg8 40. Ke2 Rc8 41. f3 Bf8 42. Kd3 Bh6 43. Re1 Re8 
44. Rce2 Rfe7 45. Nf4 Rd8 46. Nh5 Rf7 47. Rf1 Kb8 48. g4 Ka7 49. Ng3 fxg4 
50. fxg4 Re8 51. e4 dxe4+ 52. Ngxe4 Nxe4 53. Rxe4 Rxe4 54. Nxe4 Rg7 55. 
Rxf6 Bc1 56. h3 Re7 57. Rf8 Bh6 58. Rd8 Bf4 59. h4 Rg7 60. g5 h6 61. gxh6 
Bxh6 62. Nd6 Rg3+ 63. Ke4 Rg4+ 64. Kf5 Rxh4 65. Ke6 Rxd4 66. Nb5+ axb5 67.
 Rxd4 Be3 68. Re4 Bd2 69. Kd6 Bc3 70. Kc5 Bf6 71. Re6 Bh4 72. Re2 Ka6 73. 
Re8 Ka7 74. Kd6 Bg5 75. Kc7 Bd2 76. Re4 Ka6 77. Re8 Ka7 78. Re4 Ka6 79. 
Re8 1/2-1/2

[Event "SUI-chT"]
[Site "Switzerland"]
[Date "2002.06.02"]
[Round "4.1"]
[White "Gavrikov, Viktor"]
[Black "King, Daniel J"]
[Result "1-0"]
[WhiteElo "2578"]
[BlackElo "2520"]
[EventDate "2002.03.03"]

1. d4 Nf6 2. c4 e6 3. Nc3 d5 4. cxd5 exd5 5. Bg5 Be7 6. e3 O-O 7. Bd3 Nbd7
8. Nge2 Re8 9. O-O c6 10. Qc2 Nf8 11. Rab1 a5 12. a3 Ng4 13. Bxe7 Qxe7 14.
 h3 Nh6 15. b4 axb4 16. axb4 Qh4 17. Ng3 Ng6 18. b5 Bxh3 19. gxh3 Rxe3 20.
 Bxg6 hxg6 21. bxc6 bxc6 22. Nce2 Re6 23. Rb6 Rc8 24. Kg2 Qg5 25. Rfb1 Nf5
26. Qc1 Nh4+ 27. Kf1 Qd8 28. Rb7 Rf6 29. Qe3 Nf3 30. Ra1 Ra8 31. Rbb1 Rc8 
32. Ra7 Rb8 33. Rxb8 Qxb8 34. Ra1 Kh7 35. Rc1 Qb2 36. Qc3 Qa2 37. Ra1 Qc4 
38. Qxc4 Nd2+ 39. Ke1 Nxc4 40. Ra6 Kh6 41. Nc1 Kg5 42. Nd3 Kh4 43. Nb4 
Re6+ 44. Ne2 Re7 45. Rxc6 Rb7 46. Nd3 Rb1+ 47. Ndc1 Kxh3 48. Rc5 Nb2 49. 
Kd2 Nc4+ 50. Kd3 Nd6 51. Rxd5 Nf5 52. Rd7 f6 53. Kc2 Rb8 54. Nf4+ Kg4 55. 
Nxg6 Kf3 56. Nd3 Rc8+ 57. Kd2 Ke4 58. Ne7 Nxe7 59. Rxe7+ Kxd4 60. Rxg7 Ke4
61. Rg3 1-0

[Event "Sao Paulo-ch fin"]
[Site "Serra Negra"]
[Date "2002.??.??"]
[Round "?"]
[White "Leitao, Rafael"]
[Black "Milos, Gilberto"]
[Result "1/2-1/2"]
[WhiteElo "2558"]
[BlackElo "2574"]
[EventDate "2002.05.30"]

1. c4 e6 2. Nc3 d5 3. d4 Nf6 4. cxd5 exd5 5. Bg5 Be7 6. e3 O-O 7. Bd3 Nbd7
8. Nf3 c6 9. Qc2 Re8 10. O-O Nf8 11. h3 g6 12. Rab1 a5 13. a3 Ne6 14. Bxf6
Bxf6 15. b4 1/2-1/2

[Event "Sitges op 28th"]
[Site "Sitges"]
[Date "2002.??.??"]
[Round "7"]
[White "Moskalenko, Viktor"]
[Black "Spraggett, Kevin"]
[Result "1/2-1/2"]
[WhiteElo "2513"]
[BlackElo "2533"]
[EventDate "2002.??.??"]

1. d4 Nf6 2. c4 e6 3. Nc3 d5 4. cxd5 exd5 5. Bg5 Be7 6. e3 c6 7. Qc2 Nbd7 
8. Bd3 Nf8 9. Nf3 Ne6 10. Bh4 g6 11. h3 O-O 12. O-O 1/2-1/2

[Event "Solin g/60' 10th"]
[Site "Solin/Spilt"]
[Date "2002.12.14"]
[Round "6"]
[White "Dizdarevic, Emir"]
[Black "Kurajica, Bojan"]
[Result "1/2-1/2"]
[WhiteElo "2520"]
[BlackElo "2548"]
[EventDate "2002.12.07"]

1. d4 d5 2. c4 e6 3. Nf3 Nf6 4. Nc3 Be7 5. cxd5 exd5 6. Bg5 c6 7. e3 O-O 
8. Bd3 Nbd7 9. O-O Re8 10. Qc2 Nf8 11. Ne5 Ng4 12. Bxe7 Qxe7 13. Nxg4 Bxg4
14. Bf5 Bxf5 15. Qxf5 1/2-1/2

[Event "Tan Chin Nam Cup 8th"]
[Site "Qingdao"]
[Date "2002.07.05"]
[Round "3"]
[White "Liang Chong"]
[Black "Christiansen, Larry Mark"]
[Result "1-0"]
[WhiteElo "2529"]
[BlackElo "2559"]
[EventDate "2002.07.04"]

1. d4 Nf6 2. c4 e6 3. Nc3 d5 4. cxd5 exd5 5. Bg5 c6 6. e3 Be7 7. Bd3 Ne4 
8. Bxe7 Qxe7 9. Bxe4 dxe4 10. Nge2 Bf5 11. Qb3 O-O 12. Ng3 Bg6 13. h4 h6 
14. h5 Bh7 15. O-O Na6 16. Rad1 Rac8 17. d5 Rfe8 18. d6 Qd7 19. Qa3 Re5 
20. Rd4 Rce8 21. Rfd1 Rg5 22. b4 Ree5 23. Nce2 Rxh5 24. Nxh5 Rxh5 25. Ng3 
Re5 26. b5 cxb5 27. Rd5 Re8 28. Qa5 Bg6 29. Qxb5 Qxb5 30. Rxb5 b6 31. Re5 
Kf8 32. Nxe4 Rd8 33. Nc3 Nc5 34. Re7 a6 35. Ra7 Bd3 36. Nd5 g5 37. d7 Bb5 
38. Nxb6 Ke7 39. Rd5 1-0

[Event "Warsaw AIG Life rapid"]
[Site "Warsaw"]
[Date "2002.12.21"]
[Round "5"]
[White "Malakhatko, Vadim"]
[Black "Aleksandrov, Aleksej"]
[Result "1/2-1/2"]
[WhiteElo "2515"]
[BlackElo "2621"]
[EventDate "2002.12.21"]

1. d4 Nf6 2. c4 e6 3. Nf3 d5 4. Nc3 Nbd7 5. Bg5 Bb4 6. cxd5 exd5 7. Rc1 c6
8. e3 Qa5 9. Qb3 Ne4 10. Bf4 O-O 11. Be2 c5 12. a3 Bxc3+ 13. bxc3 c4 14. 
Qb4 Qa6 15. O-O Qc6 16. Bd1 a6 17. Bc2 Re8 18. Ne5 Nxe5 19. Bxe5 f6 20. 
Bf4 Bd7 21. Rfe1 g5 22. Bg3 Qb5 23. Bxe4 Rxe4 24. f3 Re6 25. e4 Qxb4 26. 
axb4 Bc6 27. exd5 Bxd5 28. Rxe6 Bxe6 29. Ra1 Kf7 30. Kf2 Bd5 31. h4 h6 32.
 hxg5 hxg5 33. Bc7 Rc8 34. Bg3 Ke6 35. Re1+ Kd7 36. Rh1 Re8 37. Rh7+ Re7 
38. Rxe7+ Kxe7 39. Bc7 Kd7 40. Bb6 f5 41. g4 fxg4 1/2-1/2

[Event "YUG-ch 57th"]
[Site "Banja Koviljaca"]
[Date "2002.03.25"]
[Round "9"]
[White "Kosic, Dragan"]
[Black "Damljanovic, Branko"]
[Result "1/2-1/2"]
[WhiteElo "2511"]
[BlackElo "2545"]
[EventDate "2002.03.16"]

1. d4 d5 2. c4 e6 3. Nc3 Nf6 4. Nf3 Nbd7 5. cxd5 exd5 6. Bf4 c6 7. e3 Be7 
8. h3 O-O 9. Bd3 Re8 10. Qc2 Nf8 11. O-O Bd6 12. Bxd6 Qxd6 13. Rab1 
1/2-1/2

[Event "YUG-ch 57th"]
[Site "Banja Koviljaca"]
[Date "2002.03.29"]
[Round "13"]
[White "Damljanovic, Branko"]
[Black "Blagojevic, Dragisa"]
[Result "1/2-1/2"]
[WhiteElo "2545"]
[BlackElo "2508"]
[EventDate "2002.03.16"]

1. c4 Nf6 2. Nc3 e6 3. d4 d5 4. Bg5 Nbd7 5. cxd5 exd5 6. e3 c6 7. Bd3 Bd6 
8. Nf3 Nf8 9. Ne5 Qb6 10. O-O Bxe5 11. dxe5 N6d7 12. Na4 Qc7 13. f4 Ne6 
14. Bh4 Nec5 15. Nxc5 Nxc5 16. Bc2 O-O 17. Qh5 Ne4 18. Bxe4 dxe4 19. Rad1 
Be6 20. Rd6 Bc4 21. Rfd1 Bd5 22. Qg4 f5 23. exf6 Rf7 24. R6xd5 cxd5 25. 
fxg7 Qb6 26. Qe2 Rxf4 27. Be1 Rd8 28. Bc3 Rf7 29. Bd4 Qe6 30. h3 Rc8 31. 
Bc3 Rxc3 32. bxc3 Rxg7 33. Qh5 Qf7 34. Qe5 Rxg2+ 35. Kxg2 Qf3+ 36. Kh2 
Qf2+ 37. Kh1 Qf3+ 38. Kh2 Qf2+ 1/2-1/2

[Event "YUG-chT"]
[Site "Budva"]
[Date "2002.??.??"]
[Round "?"]
[White "Sakaev, Konstantin"]
[Black "Blagojevic, Dragisa"]
[Result "1/2-1/2"]
[WhiteElo "2645"]
[BlackElo "2535"]
[EventDate "2002.08.??"]

1. d4 d5 2. c4 c6 3. Nf3 Nf6 4. Nc3 e6 5. Bg5 Nbd7 6. cxd5 exd5 7. e3 Be7 
8. Bd3 O-O 9. O-O Re8 10. Qc2 Nf8 11. h3 Nh5 12. Bxe7 Qxe7 13. Rae1 Nf6 
14. Ne5 Ne4 15. f4 f6 16. Nf3 b6 17. Nd2 Nxd2 18. Qxd2 Be6 19. Be2 Bf7 20.
 Bf3 Ne6 21. g4 Nc7 22. h4 Rad8 23. g5 c5 1/2-1/2

[Event "AUT-chT 0304"]
[Site "Austria"]
[Date "2003.11.30"]
[Round "3"]
[White "Rotstein, Arkadij"]
[Black "Boensch, Uwe"]
[Result "1-0"]
[WhiteElo "2533"]
[BlackElo "2545"]
[EventDate "2003.11.01"]

1. c4 e6 2. Nc3 d5 3. d4 Nf6 4. cxd5 exd5 5. Bg5 Be7 6. Qc2 c6 7. e3 Nbd7 
8. Bd3 Nh5 9. Bxe7 Qxe7 10. Nge2 g6 11. O-O O-O 12. Rae1 f5 13. a3 Ndf6 
14. Na4 Be6 15. Nc5 Bf7 16. b4 a6 17. Nf4 Ng7 18. Be2 Rfc8 19. Qb2 Nge8 
20. Nfd3 Nd6 21. Ne5 Be8 22. f3 a5 23. bxa5 Rxa5 24. Qb4 Ra7 25. Bd3 Rca8 
26. e4 b6 27. Qxb6 dxe4 28. fxe4 fxe4 29. Bxe4 Ndxe4 30. Nxe4 Nxe4 31. 
Rxe4 Rb7 32. Ng4 Qxe4 33. Qxb7 Qxd4+ 34. Kh1 1-0

[Event "Andorra op 21st"]
[Site "Andorra"]
[Date "2003.07.08"]
[Round "4"]
[White "Epishin, Vladimir"]
[Black "Campos Moreno, Javier B"]
[Result "1/2-1/2"]
[WhiteElo "2642"]
[BlackElo "2509"]
[EventDate "2003.07.05"]

1. d4 Nf6 2. c4 e6 3. Nf3 d5 4. Nc3 Nbd7 5. cxd5 exd5 6. Qc2 c6 7. Bg5 Be7
8. e3 O-O 9. Bd3 Re8 10. h3 Nf8 11. Bf4 Bd6 12. Bxd6 Qxd6 13. O-O Be6 14. 
a3 Rac8 15. Rfc1 N6d7 16. Qd2 Qe7 17. Ne2 Qf6 18. Nf4 Bf5 19. Nh5 Qe6 20. 
Bxf5 Qxf5 21. Ng3 Qe6 22. a4 Nf6 23. Qb4 Rb8 24. Ne5 N8d7 25. Nd3 g5 26. 
Re1 h5 27. f3 h4 28. Nh1 Qf5 29. Nhf2 Re6 30. Re2 b6 31. Qd2 Rbe8 32. Rae1
c5 33. dxc5 Nxc5 34. Nxc5 bxc5 35. e4 dxe4 36. fxe4 Nxe4 37. Nxe4 Rxe4 38.
 Rxe4 Rxe4 39. Rxe4 Qxe4 40. Qxg5+ Kh7 41. Qxc5 Qxa4 42. b4 Qa1+ 43. Kf2 
Qf6+ 44. Ke3 a6 45. Qh5+ Kg7 46. Qg4+ Kf8 47. Qf4 Qc3+ 1/2-1/2

[Event "BIH-chT"]
[Site "Jahorina"]
[Date "2003.06.27"]
[Round "9"]
[White "Lalic, Bogdan"]
[Black "Atalik, Suat"]
[Result "1/2-1/2"]
[WhiteElo "2549"]
[BlackElo "2568"]
[EventDate "2003.06.21"]

1. d4 Nf6 2. c4 e6 3. Nf3 d5 4. Nc3 Nbd7 5. cxd5 exd5 6. Bg5 c6 7. e3 Be7 
8. Qc2 Nh5 9. Bxe7 Qxe7 10. O-O-O g6 11. h3 1/2-1/2

[Event "Bayern-chI Bank Hofmann 7th"]
[Site "Bad Wiessee"]
[Date "2003.11.16"]
[Round "9"]
[White "Gavrikov, Viktor"]
[Black "Hertneck, Gerald"]
[Result "1/2-1/2"]
[WhiteElo "2560"]
[BlackElo "2524"]
[EventDate "2003.11.08"]

1. d4 Nf6 2. c4 e6 3. Nc3 d5 4. cxd5 exd5 5. Bg5 Be7 6. e3 c6 7. Qc2 Be6 
8. Bd3 Nbd7 9. Nge2 Nh5 10. Bxe7 Qxe7 11. Rb1 g6 12. b4 a6 13. a4 O-O 14. 
O-O b5 1/2-1/2